Enseñar la nación : (Record no. 153520)
[ view plain ]
| 000 -LEADER | |
|---|---|
| fixed length control field | nam a22 7a 4500 |
| 005 - DATE AND TIME OF LATEST TRANSACTION | |
| control field | 20200109120852.0 |
| 008 - FIXED-LENGTH DATA ELEMENTS--GENERAL INFORMATION | |
| fixed length control field | 200109b mx ||||| |||| 00| 0 spa d |
| 020 ## - INTERNATIONAL STANDARD BOOK NUMBER | |
| International Standard Book Number | 9786071609625 |
| 050 04 - LIBRARY OF CONGRESS CALL NUMBER | |
| Classification number | LC92.M6 |
| Item number | Z47 2012 |
| 100 1# - MAIN ENTRY--PERSONAL NAME | |
| Personal name | Zepeda, Beatriz |
| 245 10 - TITLE STATEMENT | |
| Title | Enseñar la nación : |
| Remainder of title | la educación y la institucionalización de la idea de la nación en el México de la reforma (1855-1876) / |
| Statement of responsibility, etc | Beatriz Zepeda |
| 250 ## - EDITION STATEMENT | |
| Edition statement | 1a ed. |
| 260 ## - PUBLICATION, DISTRIBUTION, ETC. (IMPRINT) | |
| Place of publication, distribution, etc | México : |
| Name of publisher, distributor, etc | Fondo de Cultura Económica, |
| -- | Consejo Nacional para la Cultura y las Artes, |
| Date of publication, distribution, etc | 2012 |
| 300 ## - PHYSICAL DESCRIPTION | |
| Extent | 280 p. ; |
| Dimensions | 21 cm. |
| 490 0# - SERIES STATEMENT | |
| Series statement | Biblioteca Mexicana |
| 650 #7 - SUBJECT ADDED ENTRY--TOPICAL TERM | |
| Source of heading or term | lemb |
| Topical term or geographic name as entry element | Nacionalismo y educación |
| Geographic subdivision | México |
| General subdivision | Historia |
| Chronological subdivision | Siglo XIX |
| 650 #7 - SUBJECT ADDED ENTRY--TOPICAL TERM | |
| Source of heading or term | lemb |
| Topical term or geographic name as entry element | Educación y Estado |
| Geographic subdivision | México |
| General subdivision | Historia |
| Chronological subdivision | Siglo XIX |
| 650 #7 - SUBJECT ADDED ENTRY--TOPICAL TERM | |
| Source of heading or term | lemb |
| Topical term or geographic name as entry element | Educación |
| General subdivision | Aspectos políticos |
| Geographic subdivision | México |
| General subdivision | Historia |
| 942 ## - ADDED ENTRY ELEMENTS (KOHA) | |
| Source of classification or shelving scheme | Biblioteca del Cogreso de los Estados Unidos |
| Koha item type | Libro |
| Estado de pérdida | Fuente de clasificación | Estado del daño | No para préstamo | Ubicación permanente | Ubicación actual | Apartado o colección | Fecha de adquisición | Área del conocimiento | Clasificación | Código de Barras | Date last seen | Número de copia | Costo por reposición | Tipo de recurso |
|---|---|---|---|---|---|---|---|---|---|---|---|---|---|---|
| Biblioteca del Cogreso de los Estados Unidos | Biblioteca del Instituto de Investigaciones Históricas | Biblioteca del Instituto de Investigaciones Históricas | General | 09/01/2020 | Educación y Humanidades | LC92.M6 Z47 2012 | IIH000029381 | 09/01/2020 | C:1 | 1.00 | Libro | |||
| Biblioteca del Cogreso de los Estados Unidos | Biblioteca del Instituto de Investigaciones Históricas | Biblioteca del Instituto de Investigaciones Históricas | General | 09/01/2020 | Educación y Humanidades | LC92.M6 Z47 2012 | IIH000029382 | 09/01/2020 | C:2 | 1.00 | Libro | |||
| Biblioteca del Cogreso de los Estados Unidos | Biblioteca del Instituto de Investigaciones Históricas | Biblioteca del Instituto de Investigaciones Históricas | General | 09/01/2020 | Educación y Humanidades | LC92.M6 Z47 2012 | IIH000029383 | 09/01/2020 | C:3 | 1.00 | Libro |